LEADER 00681nam a2200205 i 4500 001 000000187696 003 CaOOAMICUS 005 20150310000000.0 008 150310s1935 it u000 u fre u 013 $a165788 040 $aSeMil$bita 245 10$aNotes et references. 300 $a159 p. 500 $aFondo card. Giovanni Colombo. 773 0 $aHazard, Paul <1878-1944>$tCrise de la conscience europeenne.$dParis : Boivin, 1935.$w()31560 850 $aSeMil 852 $aSeMil$W1$xVenegono$y1$m3GC V 203$j138383$B138383$CSeMilBibl$Z2$F149820 $8B 941 1 $a3 961 $aLascito: Colombo Card. Giovanni 996 $6245$aNotes et references$9(OLS)http://semarc/title/270044 LEADER 01051nam a2200241 i 4500 001 000000055076 003 CaOOAMICUS 005 20101119000000.0 008 101119s1997 it u000 u ita u 013 $a26248 040 $aSeMil$bita 100 1 $aLiggeri, Paolo,$c.$0(OLS)http://semarc/name/1829 245 10$aArrivederci... /$cPaolo Liggeri ; a cura di Paola Innocenti. 260 $aMilano :$bIstituto «La Casa»,$cstampa 1997. 300 $a126 p. ;$c21 cm. 500 $aÉ da considerarsi come ultimo fascicolo della rivista "La Casa", anno 57 (1996), con il quale ha cessato le pubblicazioni. 650 4$aFamiglia - Consultori.$0(OLS)http://semarc/subject/6938 700 1 $aInnocenti, Paola.$0(OLS)http://semarc/name/27569 850 $aSeMil 852 $aSeMil$W1$xVenegono$y1$m3J I 303$j21230$B21230$CSeMilBibl$Z2$F21232 $81 961 $aOmaggio: Donazione 996 $6245$aArrivederci...$9(OLS)http://semarc/title/85374 996 $6260$aMilano :$bIstituto «La Casa»$9(OLS)http://semarc/publisher/31690